| 000 | 00619nam a2200277Ia 4500 | ||
|---|---|---|---|
| 005 | 20260401125704.0 | ||
| 008 | 008 300114s9999 xx 000 0 eng d | ||
| 020 | _a9788122489873 | ||
| 037 | _aEBOOK | ||
| 040 | _aCRL | ||
| 040 | _beng | ||
| 040 | _cCRL | ||
| 041 | _2eng | ||
| 041 | _aeng | ||
| 084 | _qCRL | ||
| 100 |
_aMalik, S.C. _9849422 |
||
| 245 | 0 | _aMathematical Analysis | |
| 250 | _a7 | ||
| 260 | _bNew Age | ||
| 260 | _c2024 | ||
| 650 | _aMathematics | ||
| 856 | _uhttps://digital.elib4u.com/product-details/563350 | ||
| 942 | _cEBOOK | ||
| 999 |
_c1847651 _d1847651 |
||